[Event "Tagaytay City zt 3.3"]
[Site "Tagaytay City"]
[Date "2017.03.05"]
[Round "9"]
[White "Abelgas, Roel"]
[Black "Endrina, Julius"]
[Result "1-0"]
[WhiteElo "2318"]
[BlackElo "1645"]
[PlyCount "53"]
[EventDate "2017.02.25"]
[EventType "swiss"]
[EventRounds "9"]
[EventCountry "PHI"]
[SourceTitle "CBM 177 Extra"]
[Source "ChessBase"]
[SourceDate "2017.04.27"]
[SourceVersion "1"]
[SourceVersionDate "2017.04.27"]
[SourceQuality "1"]

1. d4 Nf6 2. c4 e6 3. Nf3 d5 4. cxd5 exd5 5. Qc2 h6 6. Bf4 c6 7. Nc3 Bd6 8. Bg3 Bb4 9. Nd2 Nbd7 10. e3 Nh5 11. Bd3 Nxg3 12. hxg3 Qa5 13. 0-0 Nf6 14. a3 Bd6 15. b4 Qc7 16. b5 Ng4 17. bxc6 Bxg3 18. fxg3 Qxg3 19. Nf3 Nxe3 20. Rae1 0-0 21. Rxe3 bxc6 22. Ne2 Qg4 23. Ne5 Qg5 24. Rg3 Qh4 25. Bh7+ Kh8 26. Ng6+ fxg6 27. Rxf8+ 1-0

[Event "Tagaytay City zt 3.3"]
[Site "Tagaytay City"]
[Date "2017.03.04"]
[Round "8"]
[White "Endrina, Julius"]
[Black "Jacutina, John Merill"]
[Result "0-1"]
[WhiteElo "1645"]
[BlackElo "2041"]
[PlyCount "78"]
[EventDate "2017.02.25"]
[EventType "swiss"]
[EventRounds "9"]
[EventCountry "PHI"]
[SourceTitle "CBM 177 Extra"]
[Source "ChessBase"]
[SourceDate "2017.04.27"]
[SourceVersion "1"]
[SourceVersionDate "2017.04.27"]
[SourceQuality "1"]

1. e4 c5 2. f3 Nc6 3. Ne2 d5 4. exd5 Qxd5 5. Nbc3 Qd8 6. Ng3 Nf6 7. a3 e6 8. Bc4 Be7 9. d3 0-0 10. Be3 b6 11. Qd2 Bb7 12. Nce4 Nd5 13. Bf2 Nd4 14. 0-0 f5 15. Bxd5 Qxd5 16. Nc3 Qc6 17. Bxd4 cxd4 18. Nce2 Rac8 19. Rac1 h6 20. Kh1 Bg5 21. Qb4 e5 22. Rcd1 Qxc2 23. f4 exf4 24. Rd2 Qc7 25. Nxd4 fxg3 26. Rc2 Qd7 27. Rxc8 Rxc8 28. hxg3 f4 29. Nf3 fxg3 30. Qb3+ Bd5 31. Qd1 Rc1 32. Qe2 Bxf3 33. Qxf3 Rxf1+ 34. Qxf1 Qe7 35. d4 Be3 36. Qc4+ Kh7 37. d5 Bf2 38. Qb4 Qe2 39. Qe4+ Qxe4 0-1